E. Haldeman-Julius : (Record no. 15834)
[ view plain ]
| 000 -LEADER | |
|---|---|
| fixed length control field | 00814cam a22002411a 4500 |
| 001 - CONTROL NUMBER | |
| control field | ca 24000701 |
| 003 - CONTROL NUMBER IDENTIFIER | |
| control field | DLC |
| 005 - DATE AND TIME OF LATEST TRANSACTION | |
| control field | 20260227111113.0 |
| 008 - FIXED-LENGTH DATA ELEMENTS--GENERAL INFORMATION | |
| fixed length control field | 840907s1924 ksuac 000 0beng |
| 010 ## - LIBRARY OF CONGRESS CONTROL NUMBER | |
| LC control number | ca 24000701 |
| 035 ## - SYSTEM CONTROL NUMBER | |
| System control number | (OCoLC)11130609 |
| 040 ## - CATALOGING SOURCE | |
| Original cataloging agency | DLC |
| Transcribing agency | KPT |
| Modifying agency | DLC |
| 042 ## - AUTHENTICATION CODE | |
| Authentication code | premarc |
| 050 00 - LIBRARY OF CONGRESS CALL NUMBER | |
| Classification number | Z473.H15 |
| Item number | G9 |
| 100 1# - MAIN ENTRY--PERSONAL NAME | |
| Personal name | Gunn, John W. |
| 245 00 - TITLE STATEMENT | |
| Title | E. Haldeman-Julius : |
| Remainder of title | the man and his work / |
| Statement of responsibility, etc. | John W. Gunn. |
| 260 ## - PUBLICATION, DISTRIBUTION, ETC. | |
| Place of publication, distribution, etc. | Girard, Kan. : |
| Name of publisher, distributor, etc. | Haldeman-Julius Co., |
| Date of publication, distribution, etc. | c1924. |
| 300 ## - PHYSICAL DESCRIPTION | |
| Extent | 64 p. : |
| Other physical details | ill. ; |
| Dimensions | 13 cm. |
| 440 #0 - SERIES STATEMENT/ADDED ENTRY--TITLE | |
| Title | Little blue book ; |
| Volume/sequential designation | no. 678 |
| 500 ## - GENERAL NOTE | |
| General note | Pages 61-64 contain advertising matter. |
| 500 ## - GENERAL NOTE | |
| General note | Published 10 June 1924; copies deposited at Library of Congress 13 June 1924; copyright renewed 5 May 1952. |
| 600 20 - SUBJECT ADDED ENTRY--PERSONAL NAME | |
| Personal name | Haldeman-Julius, E. |
| Fuller form of name | (Emanuel), |
| Dates associated with a name | 1889-1951. |
No items available.